| 000 -LEADER |
| fixed length control field |
00568cam a2200193Ii 4500 |
| 020 ## - INTERNATIONAL STANDARD BOOK NUMBER |
| ISBN |
9781259542114 |
| 020 ## - INTERNATIONAL STANDARD BOOK NUMBER |
| ISBN |
1259542114 |
| 040 ## - CATALOGING SOURCE |
| Transcribing agency |
MYUMP |
| 082 ## - DEWEY DECIMAL CLASSIFICATION NUMBER |
| Classification number |
620 MCG 2016 A117 Or. |
| 100 1# - MAIN ENTRY--AUTHOR NAME |
| Personal name |
Howard, William E., |
| 245 10 - TITLE STATEMENT |
| Title |
Introduction to solid modeling using SolidWorks 2015 / |
| 246 3# - VARYING FORM OF TITLE |
| Title proper/short title |
Introduction to solid modeling using SolidWorks℗ʼ 2015 |
| 300 ## - PHYSICAL DESCRIPTION |
| Number of Pages |
384 pages : |
| Other physical details |
illustrations ; |
| Dimensions |
26 cm |
| 650 #0 - SUBJECT ADDED ENTRY--TOPICAL TERM |
| Topical Term |
Computer graphics |
| 650 #0 - SUBJECT ADDED ENTRY--TOPICAL TERM |
| Topical Term |
Engineering models |
| 650 #0 - SUBJECT ADDED ENTRY--TOPICAL TERM |
| Topical Term |
Computer-aided design |
| 700 1# - ADDED ENTRY--PERSONAL NAME |
| Personal name |
Musto, Joseph C., |
| 942 ## - ADDED ENTRY ELEMENTS (KOHA) |
| Koha item type |
ADB |
| 952 ## - LOCATION AND ITEM INFORMATION (KOHA) |
| Withdrawn status [LOCAL, KOHA] |
0 |
| 952 ## - LOCATION AND ITEM INFORMATION (KOHA) |
| Withdrawn status [LOCAL, KOHA] |
0 |
| 952 ## - LOCATION AND ITEM INFORMATION (KOHA) |
| Withdrawn status [LOCAL, KOHA] |
0 |
| 952 ## - LOCATION AND ITEM INFORMATION (KOHA) |
| Withdrawn status [LOCAL, KOHA] |
0 |
| 952 ## - LOCATION AND ITEM INFORMATION (KOHA) |
| Withdrawn status [LOCAL, KOHA] |
0 |